000 00651nam a2200205Ia 4500
003 GCL
008 140319s9999 xx 000 0 ara d
020 _a2445969977
040 _aGCL /
_cGCL
082 0 4 _a190
_bم ا
100 1 _aميروفيتش، ديفيد زين
245 1 0 _aاقدم لك كامى /
_cميروفيتش، ديفيد زين
260 _aالقاهرة :
_bالمجلس الاعلى للثقافة ،
_c2002
300 _a185 ص ؛
_c24 سم
490 _aاقدم لك ....
_v0
650 0 4 _aالفلسفة الحديثة
650 0 4 _aالفلسفة الغربية
650 0 4 _aكامى , البير
942 _2ddc
_cBK
999 _c3787
_d3787